Η παρουσία των αδέσποτων στην ελληνική παιδική λογοτεχία : διπλωματική εργασία [μεταπτυχιακή εργασία]
Αποθηκεύτηκε σε:
| Κύριος συγγραφέας: | |
|---|---|
| Συγγραφή απο Οργανισμό/Αρχή: | |
| Μορφή: | Thesis Βιβλίο |
| Γλώσσα: | Greek |
| Δημοσίευση: |
2017.
|
| Θέματα: | |
| Διαθέσιμο Online: | http://hdl.handle.net/11610/17236 |
| Ετικέτες: |
Προσθήκη ετικέτας
Δεν υπάρχουν, Καταχωρήστε ετικέτα πρώτοι!
|
MARC
| LEADER | 00000cam a2200000 a 4500 | ||
|---|---|---|---|
| 001 | 1/114482 | ||
| 008 | 170717s2017####gr | ||| |||| ||gre|| | ||
| 040 | |a GR-MyUa |b gre |c GR-MyUa |e AACR2 | ||
| 041 | 0 | |a gre | |
| 082 | 7 | |a 808.068 |2 (23) | |
| 100 | 1 | |a Χαρτερού, Ελένη-Μαρία. | |
| 245 | 1 | 2 | |a Η παρουσία των αδέσποτων στην ελληνική παιδική λογοτεχία : |b διπλωματική εργασία [μεταπτυχιακή εργασία] / |c Χαρτερού Ελένη-Μαρία ; επιβλέπων καθηγητής: Σταμάτης Παναγιώτης. |
| 260 | |c 2017. | ||
| 300 | |a 122 σ. : |b πίν., εικ. ; |c 30 εκ. | ||
| 500 | |a Υπάρχει ψηφιακό αντίγραφο. | ||
| 500 | |a Μέλη εξεταστικής επιτροπής: Παπαδάτος Ιωάννης, Παπαβασιλείου Βασίλειος. | ||
| 502 | # | # | |a Διατριβή (μεταπτυχιακή) – Πανεπιστήμιο Αιγαίου, Ρόδος, 2017. |
| 504 | |a Βιβλιογραφία: σ. 107-112. | ||
| 506 | 0 | |a Πλήρες κείμενο - Ελεύθερη δημοσίευση. | |
| 650 | 0 | |a Animals in literature. | |
| 650 | 0 | |a Children's literature, Greek (Modern) |x History and criticism. | |
| 650 | 0 | |a Children's literature. | |
| 700 | 1 | |a Σταμάτης, Παναγιώτης Ι., |d 1967- |e dgs | |
| 710 | 2 | |a Πανεπιστήμιο Αιγαίου |b Σχολή Ανθρωπιστικών Επιστημών |b Τμήμα Επιστημών της Προσχολικής Αγωγής και του Εκπαιδευτικού Σχεδιασμού |b Πρόγραμμα Μεταπτυχιακών Σπουδών Περιβαλλοντική Εκπαίδευση. | |
| 852 | |a INST |b RHODES |c DIATR |e 20170717 |h 808.068 ΧΑΡ |p 005400039397 |q 005400039397 |t MTXE |y 23 | ||
| 856 | |u http://hdl.handle.net/11610/17236 | ||
| 924 | |a Χαρτερού |b Ελένη-Μαρία |y Ρόδος |z 2017-03 | ||
| 970 | |z 17-07-2017 | ||